000 00762nam a2200277Ia 4500
003 OSt
005 20221006160222.0
006 a|||||r|||| 00| 0
007 ta
008 221006b |||||||| |||| 00| 0 eng d
020 _a9788970924335
_c
_120.83
024 _a44,645
037 _bGift, Window on Korea
_cTextual
040 _aEASL
_cEASL
_beng
041 _2eng
_aeng
082 _aN495, P9
100 _aNa Jae-oh
_9672472
245 0 _aReimagining the Korean face
260 _aGyeonggi-do
_bDangkook University Press
_c2009
300 _a310p.
_ccm.
490 _v KEL
500 _aBilingual - English - Korea
650 _aKEL
942 _hN495, P9
_cTEXL
_2CC
999 _c1112737
_d1112737